The Declaration of Independence / Avery Elizabeth ... Read More
Available copies
- 1 of 1 copy available at LARL/NWRL Consortium.
- 1 of 1 copy available at Lake Agassiz Regional Library. (Show preferred library)
Current holds
0 current holds with 1 total copy.
Show Only Available Copies
| Location | Call Number / Copy Notes | Barcode | Shelving Location | Status | Due Date |
|---|---|---|---|---|---|
| Halstad LINK Site | J 973.313 HUR (Text) | 33500013053848 | Main | Available | - |
Record details
- ISBN: 9781502636041
- ISBN: 1502636042
- ISBN: 9781502636065
- ISBN: 1502636069
- Physical Description: 64 pages : color illustrations ; 24 cm
- Edition: First edition.
- Publisher: New York : Cavendish Square, 2019.
Content descriptions
| Bibliography, etc. Note: | Includes bibliographical references and index. |
Search for related items by subject
| Genre: | Juvenile works. |
Search for related items by series
| LDR | 02110cam a22005178i 4500 | ||
|---|---|---|---|
| 001 | 317060 | ||
| 003 | LARL_NWRL_CONSORTIUM | ||
| 005 | 20190424211131.0 | ||
| 008 | 180110s2019 nyua j b 001 0 eng | ||
| 010 | . | ‡a 2018000510 | |
| 040 | . | ‡aDLC ‡beng ‡erda ‡cDLC ‡dOCLCO ‡dOCLCQ ‡dOCLCF ‡dYDX ‡dBDX ‡dJAI | |
| 020 | . | ‡a9781502636041 ‡q(library bound ; ‡qalk. paper) | |
| 020 | . | ‡a1502636042 | |
| 020 | . | ‡a9781502636065 ‡q(pbk. ; ‡qalk. paper) | |
| 020 | . | ‡a1502636069 | |
| 035 | . | ‡a(OCoLC)1019839601 | |
| 042 | . | ‡apcc | |
| 043 | . | ‡an-us--- | |
| 082 | 0 | 0. | ‡a973.3/13 ‡223 |
| 100 | 1 | . | ‡aHurt, Avery Elizabeth, ‡eauthor. |
| 245 | 1 | 4. | ‡aThe Declaration of Independence / ‡cAvery Elizabeth Hurt. |
| 250 | . | ‡aFirst edition. | |
| 264 | 1. | ‡aNew York : ‡bCavendish Square, ‡c2019. | |
| 300 | . | ‡a64 pages : ‡bcolor illustrations ; ‡c24 cm | |
| 336 | . | ‡atext ‡btxt ‡2rdacontent | |
| 337 | . | ‡aunmediated ‡bn ‡2rdamedia | |
| 338 | . | ‡avolume ‡bnc ‡2rdacarrier | |
| 490 | 0 | . | ‡aAmerica's most important documents: inquiry into historical sources |
| 504 | . | ‡aIncludes bibliographical references and index. | |
| 610 | 1 | 0. | ‡aUnited States. ‡tDeclaration of Independence ‡vJuvenile literature. |
| 630 | 0 | 7. | ‡aDeclaration of Independence (United States) ‡2fast |
| 651 | 0. | ‡aUnited States ‡xPolitics and government ‡y1775-1783 ‡vJuvenile literature. ‡0(LARL_NWRL_CONSORTIUM)163025 | |
| 651 | 0. | ‡aUnited States ‡xPolitics and government ‡y1775-1783 ‡xStudy and teaching (Elementary) | |
| 650 | 7. | ‡aPolitics and government. ‡2fast | |
| 651 | 7. | ‡aUnited States. ‡2fast ‡0(LARL_NWRL_CONSORTIUM)54625 | |
| 648 | 7. | ‡a1775-1783 ‡2fast | |
| 655 | 7. | ‡aJuvenile works. ‡2fast | |
| 776 | 0 | 8. | ‡iOnline version: ‡aHurt, Avery Elizabeth. ‡tDeclaration of Independence. ‡bFirst edition. ‡dNew York : Cavendish Square, 2019 ‡z9781502636058 ‡w(DLC) 2018001736 |
| 901 | . | ‡a317060 ‡b ‡c317060 ‡tbiblio | |

Add to basket
Permalink
Enable Highlighting